000
00362nam a2200133Ia 4500
008
191206s9999 xx 000 0 und d
020
_a
1779221711
090
_a
DT2996.S234
245
0
_a
"Zimbabwe's lost decade: politics, development & society"
260
_a
Weaver Press
260
_c
cc2011
300
_a
"xvi, 227 p. ; 21 cm."
999
_c
17366
_d
17366